George Mueller. (Record no. 14830)

000 -LEADER
fixed length control field 00693nam a2200205 a 4500
001 - CONTROL NUMBER
control field :::00012664$&:&@@
003 - CONTROL NUMBER IDENTIFIER
control field OkBaRHE
005 - DATE AND TIME OF LATEST TRANSACTION
control field 20000607103421.0
008 - FIXED-LENGTH DATA ELEMENTS--GENERAL INFORMATION
fixed length control field s1958 j 000 0 eng u
040 ## - CATALOGING SOURCE
Transcribing agency
100 1# - MAIN ENTRY--PERSONAL NAME
Personal name Bailey, Faith Coxe.
245 10 - TITLE STATEMENT
Title George Mueller.
260 ## - PUBLICATION, DISTRIBUTION, ETC. (IMPRINT)
Place of publication, distribution, etc Chicago, IL., :
Name of publisher, distributor, etc Moody Press
Date of publication, distribution, etc c1958
300 ## - PHYSICAL DESCRIPTION
Extent 159 p. ;
Dimensions 18 cm.
650 ## - SUBJECT ADDED ENTRY--TOPICAL TERM
Topical term or geographic name as entry element Muller, George, 1805-1898.
650 ## - SUBJECT ADDED ENTRY--TOPICAL TERM
Topical term or geographic name as entry element Orphans and Orphan-asylums
General subdivision Great Britain
942 ## - ADDED ENTRY ELEMENTS (KOHA)
Source of classification or shelving scheme
Koha item type Books
Copies
Permanent Location Source of classification or shelving scheme Shelving location Price effective from Date last seen Damaged status Not for loan Full call number Barcode Date acquired Withdrawn status Lost status Koha item type Copy number
RHEMA Bible Training College General Stacks2010-04-142010-04-14  HV 247 .M8B3126642010-04-14  Books1
RHEMA Bible Training College General Stacks2010-04-142010-04-14  HV 247 .M8B3161872010-04-14  Books2